[Event "Guillermo Garcia Memorial U16 op 29th"]
[Site "Santa Clara"]
[Date "2022.05.06"]
[Round "5"]
[White "Chavez Oropesa, Daniel Alejandro"]
[Black "Montejo Bello, Lorena Beatriz"]
[Result "0-1"]
[WhiteElo "1543"]
[BlackElo "1778"]
[PlyCount "82"]
[EventDate "2022.05.02"]
[EventType "swiss"]
[EventRounds "7"]
[EventCountry "CUB"]
[SourceTitle "EXT 2023"]
[Source "ChessBase"]
[SourceDate "2022.10.05"]
[SourceVersion "1"]
[SourceVersionDate "2022.10.05"]
[SourceQuality "1"]

1. e4 e5 2. Nf3 Nc6 3. Bc4 Nf6 4. d3 Be7 5. c3 0-0 6. Nbd2 d6 7. Nf1 Na5 8. Bb5 a6 9. Ba4 b5 10. Bc2 c5 11. Ng3 Nc6 12. 0-0 h6 13. a4 Be6 14. Qe2 b4 15. c4 Bg4 16. Be3 Nh5 17. h3 Nf4 18. Qd1 Be6 19. Ne2 Nxe2+ 20. Qxe2 f5 21. exf5 Bxf5 22. Nd2 Qe8 23. Qf3 Kh8 24. Qg3 Qh5 25. Bd1 Qe8 26. Be2 Rc8 27. b3 Qd8 28. f4 exf4 29. Bxf4 Bh4 30. Qf3 Nd4 31. Qh5 Bg6 32. Qg4 h5 33. Qxg6 Nxe2+ 34. Kh1 Nxf4 35. Rxf4 Rxf4 36. g3 Rf6 37. Qxh5+ Rh6 38. Qg4 Bf6 39. Re1 Rb8 40. Ne4 Qc8 41. Nxf6 Rxf6 0-1